[Event "FIN-chT1 Gp1"]
[Site "Finland"]
[Date "2022.10.15"]
[Round "4.8"]
[White "Pohjakallio, Timo"]
[Black "Saarinen, Johannes"]
[Result "1-0"]
[WhiteElo "1640"]
[BlackElo "2030"]
[PlyCount "77"]
[EventDate "2022.09.24"]
[EventType "team-tourn"]
[EventRounds "7"]
[EventCountry "FIN"]
[SourceTitle "EXT 2025"]
[Source "ChessBase"]
[SourceDate "2024.10.14"]
[SourceVersion "1"]
[SourceVersionDate "2024.10.14"]
[SourceQuality "1"]
[WhiteTeam "Helsinki Aatos"]
[BlackTeam "Raasepori KarjUra"]
[WhiteTeamCountry "FIN"]
[BlackTeamCountry "FIN"]

1. d4 d5 2. c4 Nf6 3. Nc3 Bf5 4. e3 e6 5. Qb3 b6 6. cxd5 exd5 7. Nf3 Be7 8. Ne5 0-0 9. Bd3 Bxd3 10. Nxd3 Re8 11. 0-0 c6 12. Ne5 Bd6 13. f4 Bc7 14. Bd2 Re6 15. Rf3 Nfd7 16. Rh3 Nxe5 17. fxe5 Rg6 18. Rf1 Qg5 19. Rf2 Qg4 20. Rhf3 Nd7 21. Rxf7 Rf8 22. Rxf8+ Nxf8 23. Qd1 Ne6 24. Qf3 h6 25. h3 Qxf3 26. Rxf3 Bd8 27. Kh2 Bh4 28. Ne2 Ng5 29. Rf1 Ne4 30. Be1 Bxe1 31. Rxe1 Nd2 32. Nf4 Rg5 33. Re2 Ne4 34. g4 g6 35. Ne6 Kf7 36. Nxg5+ Nxg5 37. Rc2 Nf3+ 38. Kg3 Ne1 39. Rd2 1-0